Tecnología de la electricidad / (Record no. 103779)

MARC details
000 -LEADER
campo de control de longitud fija 01055nam a2200205 i 4500
001 - NÚMERO DE CONTROL
campo de control 103779
003 - IDENTIFICADOR DE NÚMERO DE CONTROL
campo de control ES-MaACL
007 - CAMPO FIJO DE DESCRIPCIÓN FÍSICA--INFORMACIÓN GENERAL
campo de control de longitud fija t|
008 - DATOS DE LONGITUD FIJA--INFORMACIÓN GENERAL
campo de control de longitud fija 051118m19621963sp ||||1| spa d
100 1# - ENTRADA PRINCIPAL--NOMBRE DE PERSONA
Nombre de persona Merlet, Raymond.
9 (RLIN) 80572
245 10 - MENCIÓN DEL TÍTULO
Título Tecnología de la electricidad /
Mención de responsabilidad, etc. por R. Merlet.
260 ## - PUBLICACIÓN, DISTRIBUCIÓN, ETC.
Lugar de publicación, distribución, etc. Madrid :
Nombre del editor, distribuidor, etc. Aguilar,
Fecha de publicación, distribución, etc. 1962-63.
300 ## - DESCRIPCIÓN FÍSICA
Extensión 3 v. :
Otras características físicas il. ;
Dimensiones 21 cm.
490 1# - MENCIÓN DE SERIE
Mención de serie Libros de formación profesional
505 8# - NOTA DE CONTENIDO CON FORMATO
Nota de contenido con formato Contiene: T.I.-- Materiales. Instalaciones domésticas e industriales. Equipo eléctrico de los automóviles. Versión española de Ricardo García-Pelayo Alonso. T.II.-- Producción, transformación y transporte de la electricidad. Motores de corriente continua y alterna. Mando y control automáticos. Versión de Ricardo García-Pelayo Alonso. T.III.-- Bobinado de máquinas eléctricas. Versión española de Ricardo García-Pelayo Alonso
700 1# - ENTRADA AGREGADA--NOMBRE PERSONAL
Nombre de persona García Pelayo Alonso, Ricardo.
9 (RLIN) 184812
830 0# - PUNTO DE ACCESO ADICIONAL DE SERIE-TÍTULO UNIFORME
Título uniforme Libros de formación profesional
9 (RLIN) 184813
852 ## - LOCALIZACIÓN
Ubicación ES-MaACL
Número de control de estantería E-4292-4
Sublocalización o colección R.51041
Holdings
Estatus retirado Estado de pérdida Estado de daño No para préstamo Biblioteca de origen Biblioteca actual Ubicación en estantería Fecha de adquisición Fuente de adquisición Total de préstamos Signatura topográfica completa Código de barras Visto por última vez Precio de reemplazo Tipo de ítem Koha
        Biblioteca del Ateneo de Madrid Biblioteca del Ateneo de Madrid Depósito 2 17/01/2008     E-4292-4 1108351 23/02/2023 23/02/2023 Libro impreso